International Financial Mgt (Record no. 3314)

MARC details
000 -LEADER
fixed length control field 00413nam a22001817a 4500
005 - DATE AND TIME OF LATEST TRANSACTION
control field 20200529110759.0
008 - FIXED-LENGTH DATA ELEMENTS--GENERAL INFORMATION
fixed length control field 160620b xxu||||| |||| 00| 0 eng d
020 ## - INTERNATIONAL STANDARD BOOK NUMBER
ISBN 81-261-1814-8
041 ## - LANGUAGE CODE
Language code of text/sound track or separate title eng
082 ## - DEWEY DECIMAL CLASSIFICATION NUMBER
Item number 8592
Classification number 658.1599
100 ## - MAIN ENTRY--AUTHOR NAME
Personal name BHALLA, B.K
245 ## - TITLE STATEMENT
Title International Financial Mgt
250 ## - EDITION STATEMENT
Edition statement 4th.ed.
260 ## - PUBLICATION, DISTRIBUTION, ETC. (IMPRINT)
Name of publisher Anmol
300 ## - PHYSICAL DESCRIPTION
Number of Pages 994p,
650 ## - SUBJECT ADDED ENTRY--TOPICAL TERM
Topical Term Management
942 ## - ADDED ENTRY ELEMENTS (KOHA)
Koha item type Books
Holdings
Lost status Damaged status Collection code Home library Current library Shelving location Date acquired Cost, normal purchase price Full call number Accession Number Koha item type
    MANAGEMENT JRU Library JRU Library SHELF-60-K 20/06/2016 395.00 658.1599 8592 Books